LIBRARY & INFORMATION CENTRE, KCAET, TAVANUR

ONLINE PUBLIC ACCESS CATALOGUE (OPAC)

Music in the life of Albert Schweitzer / (Record no. 5782)

MARC details
000 -LEADER
fixed length control field 00390cam a2200145ua 4500
041 ## - LANGUAGE CODE
Language code of text/sound track or separate title ben
082 ## - DEWEY DECIMAL CLASSIFICATION NUMBER
Classification number 927.8
Item number JOY/MU
100 ## - MAIN ENTRY--AUTHOR NAME
Personal name Joy, Charles R .
245 ## - TITLE STATEMENT
Title Music in the life of Albert Schweitzer /
260 ## - PUBLICATION, DISTRIBUTION, ETC. (IMPRINT)
Place of publication New York :
Name of publisher Haeper and Brothers Publishers ,
Year of publication 1951.
300 ## - PHYSICAL DESCRIPTION
Number of Pages 300 ; .
942 ## - ADDED ENTRY ELEMENTS (KOHA)
Koha item type Books
Holdings
Withdrawn status Lost status Damaged status Home library Current library Date acquired Cost, normal purchase price Full call number Accession Number Koha item type Public note
Withdrawn     KAUAET Sanskrit University 07/04/2012 18.00 927.8 7094 Books Transferred to Sanskrit University
free website counter